LEADER 01176nam a2200289 i 4500 001 000000158180 003 CaOOAMICUS 005 20070201000000.0 008 070201s1940 it u000 u ita u 013 $a135543 040 $aSeMil$bita 100 1 $aPapini, Giovanni,$d<1881-1956>.$0(OLS)http://semarc/name/1547 245 10$aMedardo rosso /$cGiovanni Papini. 260 $aMilano :$bU. Hoepli,$c1940. 300 $a39 p., 33 tavole ;$c17 cm. 490 0 $aArte moderna italiana ;$v35. . Serie B, Scultori ; 8 490 0 $aArte moderna italiana. Serie B, Scultori ;$v8 500 $aFondo Ciprandi. 650 4$aRosso, Medardo.$0(OLS)http://semarc/subject/16854 830 0$aArte moderna italiana ;$v35. . Serie B, Scultori ; 8.$0(OLS)http://semarc/title/21108 830 0$aArte moderna italiana. Serie B, Scultori ;$v8.$0(OLS)http://semarc/title/22706 850 $aSeMil 852 $aSeMil$W1$xVenegono$y1$m5M I 38$j109837$B109837$CSeMilBibl$Z2$F119430 $81 941 1 $a1 961 $aOmaggio: Ciprandi dott. Paolo 996 $6245$aMedardo rosso$9(OLS)http://semarc/title/139432 996 $6260$aMilano :$bU. Hoepli$9(OLS)http://semarc/publisher/33212 LEADER 01877nas a2200277 i 4500 001 000000002203 003 CaOOAMICUS 005 20220217110707.0 008 180830s19141953sz ar p u0 0ger r 040 $aSeMil$bita 240 10$aStudia Friburgensia.$0(OLS)http://semarc/title/3677 245 00$aDivus Thomas :$bJahrbuch für Philosophie und spekulative Theologie /$cbegründet von Dr. Ernst Commer ; herausgeber Dr. G.M. Manser und Dr. G.M. Häfele. 260 $aFreiburg i. d. Schweiz :$bSt. Paulus-Druckerei,$c1914-1953. 300 $a24 cm. 362 0 $a1914-1953 510 4 $aCod. rivista ACNP:$cP 00055345 700 1 $aHäfele, Gallus M. .$0(OLS)http://semarc/name/1895 700 1 $aManser, Gallus M. .$0(OLS)http://semarc/name/1894 700 1 $aCommer, Ernst Ludwig Theodor.$0(OLS)http://semarc/name/1893 710 2 $aUniversität Miséricorde .$0(OLS)http://semarc/name/1892 785 00$tFreiburger Zeitschrift für Philosophie und Theologie.$dFreiburg (Schweiz) : Paulusverlag, 1954-$x0016-0725$w()2305 850 $aSeMil 852 $aSeMil$W1$xVenegono$y1$pCliccare per visualizzare collocazione e posseduto cumulativo

Cliccare per visualizzare eventuali spogli (alla eventuale voce ?Indici? in fondo di pagina)$B240524$CSeMilBibl$Z2$F240524 $85 996 $6245$aDivus Thomas :$bJahrbuch für Philosophie und spekulative Theologie$9(OLS)http://semarc/title/3676 996 $6260$aFreiburg i. d. Schweiz :$bSt. Paulus-Druckerei$9(OLS)http://semarc/publisher/30608